000 01235cam a2200313 a 4500
999 _c232895
_d232895
001 16753176
003 Nust
005 20180117090024.0
008 110427s2010 sz a b 000 0 eng
010 _a 2011397454
020 _a9789290850762
020 _a9290850760
040 _aDLC
_cDLC
042 _apcc
050 0 0 _aHC59.72.P6
_bC65 2010
082 _a339.46091724
245 0 0 _aCombating poverty and inequality :
_bstructural change, social policy and politics /
_c[Yusuf Bangura ... et al.].
260 _aGeneva :
_bUnited Nations Research Institute for Social Development,
_cc2010.
300 _axiv, 360 p. :
_bill. ;
_c30 cm.
650 0 _aPoverty
_xGovernment policy
_zDeveloping countries.
650 0 _aEquality
_xGovernment policy
_zDeveloping countries.
651 0 _aDeveloping countries
_xSocial policy.
700 1 _aBangura, Yusuf,
_d1950-
906 _a7
_bcbc
_corignew
_d3
_encip
_f20
_gy-gencatlg
936 _aPR 665674361
942 _2ddc
_cBK